[Event "Individual Nordic Chess Championship"]
[Site "?"]
[Date "2025.10.10"]
[Round "1"]
[White "Bindzus, Ernst"]
[Black "Vik, Olav"]
[Result "1-0"]
[WhiteElo "1991"]
[BlackElo "1631"]
[PlyCount "71"]
[EventDate "2025.??.??"]

1. e4 e6 2. d4 d5 3. e5 c5 4. c3 Qb6 5. Nf3 Bd7 6. Bd3 Bb5 7. O-O Bxd3 8. Qxd3
Nc6 9. a3 cxd4 10. cxd4 Nge7 11. Nc3 a6 12. b4 Nf5 13. Rd1 Be7 14. Nxd5 exd5
15. Qxf5 Nd8 16. Bg5 Qe6 17. Qd3 h6 18. Bxe7 Qxe7 19. Rac1 O-O 20. Rc3 Ne6 21.
g3 Rac8 22. Rdc1 Qd7 23. Nh4 Rc7 24. f4 Rfc8 25. Nf3 Rxc3 26. Rxc3 Rxc3 27.
Qxc3 Qc6 28. Qxc6 bxc6 29. Kf2 f6 30. f5 Ng5 31. Nxg5 hxg5 32. e6 Kf8 33. g4
Ke7 34. Ke3 g6 35. Kd3 gxf5 36. gxf5 1-0

[Event "Individual Nordic Chess Championship"]
[Site "Hurdal, Norway"]
[Date "2025.10.10"]
[Round "1"]
[White "Ferdinandsen, Christian"]
[Black "Holmela, Kari"]
[Result "0-1"]
[WhiteElo "1530"]
[BlackElo "1852"]
[PlyCount "56"]
[EventDate "2025.??.??"]

1. c4 e5 2. g3 Nc6 3. Bg2 Nf6 4. Nc3 Bb4 5. Nd5 Bc5 6. Nxf6+ Qxf6 7. e3 d6 8.
Ne2 O-O 9. O-O Bg4 10. Re1 Bf3 11. Bxf3 Qxf3 12. Nc3 Qf5 13. Nd5 Qd7 14. Qf3 f5
15. d3 Rae8 16. Bd2 e4 17. dxe4 fxe4 18. Qg2 Ne5 19. Re2 c6 20. b4 cxd5 21.
bxc5 Qg4 22. Qf1 Nf3+ 23. Kh1 Rf6 24. cxd6 Rxd6 25. Bb4 Rh6 26. Qg2 Rxh2+ 27.
Qxh2 Nxh2 28. Kxh2 Qxe2 0-1

[Event "Individual Nordic Chess Championship"]
[Site "?"]
[Date "2025.10.10"]
[Round "1"]
[White "Høyem, Erik August Arnet"]
[Black "Grensmark, Patrick"]
[Result "0-1"]
[WhiteElo "1419"]
[BlackElo "1772"]
[PlyCount "90"]
[EventDate "2025.??.??"]

1. e4 d6 2. Nf3 Nf6 3. Nc3 e5 4. g3 Be7 5. Bg2 O-O 6. O-O h6 7. d4 Nc6 8. d5
Nb8 9. h3 Nbd7 10. Re1 Nh7 11. Be3 Ng5 12. Nd2 Nc5 13. f4 exf4 14. gxf4 Nxh3+
15. Kh2 Nxf4 16. Bxf4 f5 17. e5 dxe5 18. Bxe5 Bd6 19. Nf3 g5 20. Kg1 g4 21. Nd4
Qh4 22. Bxd6 cxd6 23. Ncb5 Ne4 24. Bxe4 fxe4 25. Rxe4 Rf2 26. Re8+ Kg7 27. Nf5+
Rxf5 28. Qd4+ Kf7 29. Nxd6+ Kg6 30. Nxf5 Bxf5 31. Rxa8 g3 32. Kf1 Qh3+ 33. Ke1
Qh1+ 34. Kd2 Qxa1 35. Rxa7 Qh1 36. Qb6+ Kh5 37. d6 Qg2+ 38. Kc3 Qxc2+ 39. Kb4
Qxb2+ 40. Kc5 Qf2+ 41. Kb5 Bd7+ 42. Ka5 Qxa2+ 43. Kb4 Qb2+ 44. Kc5 Qf2+ 45. Kd5
Qxb6 0-1

[Event "Individual Nordic Chess Championship"]
[Site "?"]
[Date "2025.10.10"]
[Round "1"]
[White "Javvi, Kourosh"]
[Black "Johansson, Tage"]
[Result "0-1"]
[WhiteElo "1610"]
[BlackElo "1974"]
[PlyCount "42"]
[EventDate "2025.??.??"]

1. d4 d5 2. Bf4 Bf5 3. c3 e6 4. e3 Bd6 5. Nf3 Nc6 6. Bd3 Nf6 7. Bxf5 exf5 8.
Nbd2 Ne4 9. Qb3 Bxf4 10. exf4 Qd6 11. Nxe4 fxe4 12. Ne5 Rb8 13. O-O O-O 14. Qc2
Ne7 15. Rae1 f6 16. Ng4 Qxf4 17. Qe2 Ng6 18. Ne3 c6 19. c4 Qg5 20. g3 Nh4 21.
Ng2 Nf3+ 0-1

[Event "Individual Nordic Chess Championship"]
[Site "?"]
[Date "2025.10.10"]
[Round "1"]
[White "Perttula, Juha"]
[Black "Arnøy, Noah"]
[Result "1-0"]
[WhiteElo "1929"]
[BlackElo "1592"]
[PlyCount "61"]

1. e4 e5 2. Nf3 Nc6 3. Bb5 Nf6 4. d3 Bc5 5. O-O O-O 6. Bxc6 dxc6 7. Nxe5 Be6 8.
Qe2 Qd6 9. Nf3 Qe7 10. Bg5 Rfe8 11. e5 Bd5 12. Nbd2 h6 13. Be3 Ng4 14. d4 Nxe3
15. fxe3 Bb6 16. c4 Bxf3 17. Nxf3 f6 18. c5 Bxc5 19. dxc5 fxe5 20. Qc4+ Kh8 21.
Rad1 Rad8 22. b4 e4 23. Rxd8 Rxd8 24. Nd4 Rd7 25. Rf4 Qe5 26. Qf1 Qg5 27. Rxe4
Qd5 28. Rf4 Qxa2 29. Rf8+ Kh7 30. Qf5+ g6 31. Qxd7+ 1-0

[Event "Individual Nordic Chess Championship"]
[Site "?"]
[Date "2025.10.10"]
[Round "1"]
[White "Smedsrud, Petter"]
[Black "Bjørn, Finn"]
[Result "1-0"]
[WhiteElo "1901"]
[BlackElo "1545"]
[PlyCount "25"]
[EventDate "2025.??.??"]

1. d4 Nf6 2. Nf3 g6 3. c3 Bg7 4. Bf4 d5 5. e3 Bg4 6. Nbd2 Nbd7 7. h3 Bf5 8. Qb3
O-O 9. Qxb7 Rb8 10. Qxa7 Rxb2 11. Qa3 Qb8 12. Bxc7 Qb7 13. Ba6 1-0

[Event "Individual Nordic Chess Championship"]
[Site "?"]
[Date "2025.10.10"]
[Round "1"]
[White "Strand, Magnus"]
[Black "Bolme, Magne O."]
[Result "1-0"]
[WhiteElo "1749"]
[BlackElo "1413"]
[PlyCount "89"]
[EventDate "2025.??.??"]

1. e4 e5 2. Nf3 Nc6 3. Bb5 Nf6 4. Nc3 d6 5. d4 exd4 6. Nxd4 Bd7 7. Bg5 Be7 8.
O-O O-O 9. Nxc6 Bxc6 10. Bxc6 bxc6 11. Be3 Nd7 12. Ne2 Bf6 13. Bd4 Re8 14. Ng3
d5 15. f3 c5 16. Bxf6 Nxf6 17. Re1 dxe4 18. Nxe4 Nxe4 19. Rxe4 Rxe4 20. fxe4
Qd4+ 21. Qxd4 cxd4 22. b4 Rb8 23. a3 Rb6 24. Rd1 Rd6 25. Kf2 Kf8 26. Kf3 f6 27.
Rd3 Kf7 28. c3 Ke6 29. cxd4 g5 30. g4 Kf7 31. Ke3 Kg6 32. e5 fxe5 33. dxe5 Rc6
34. Ke4 Rc2 35. h3 h5 36. gxh5+ Kxh5 37. Kf5 Rf2+ 38. Ke6 Kg6 39. Re3 Rf4 40.
Kd7 Rf7+ 41. Kc6 Kf5 42. Rf3+ Ke6 43. Rxf7 Kxf7 44. Kd7 c6 45. e6+ 1-0

[Event "Individual Nordic Chess Championship"]
[Site "Hurdal, Norway"]
[Date "2025.10.10"]
[Round "1"]
[White "Wu, Maya"]
[Black "Tonteri, Ari"]
[Result "0-1"]
[WhiteElo "1568"]
[BlackElo "1912"]
[PlyCount "86"]
[EventDate "2025.??.??"]

1. e4 c5 2. c3 Nf6 3. e5 Nd5 4. Nf3 Nc6 5. Qb3 Nb6 6. d4 cxd4 7. cxd4 d5 8.
exd6 Qxd6 9. Bb5 Bd7 10. Be3 g6 11. O-O Bg7 12. Rd1 O-O 13. Nc3 Na5 14. Qc2
Nac4 15. Qe2 Nxe3 16. fxe3 Rac8 17. Bxd7 Qxd7 18. Ne4 Nd5 19. Nc5 Qc6 20. Rac1
b6 21. Nb3 Qa4 22. e4 Nf6 23. Qd3 Bh6 24. Ra1 Rc7 25. Nbd2 Rfc8 26. b3 Qd7 27.
Nc4 Qe6 28. Nce5 Ng4 29. Nxg4 Qxg4 30. Ne5 Qg5 31. Re1 Rc3 32. Qf1 f6 33. Nc4
Rc2 34. e5 fxe5 35. Nxe5 Rf8 36. Nf3 Qf6 37. Qd3 Rcc8 38. Re2 Qd6 39. Rae1 Rc7
40. Re6 Qa3 41. R1e2 Bg7 42. h3 Bf6 43. Kh2 Rd8 0-1

[Event "Individual Nordic Chess Championship"]
[Site "?"]
[Date "2025.10.11"]
[Round "2"]
[White "Arnøy, Noah"]
[Black "Høyem, Erik August Arnet"]
[Result "0-1"]
[WhiteElo "1592"]
[BlackElo "1419"]
[PlyCount "36"]
[EventDate "2025.??.??"]

1. e4 d6 2. Nf3 Nf6 3. d3 g6 4. Be2 Bg7 5. c3 O-O 6. O-O e5 7. Be3 Be6 8. Nbd2
Qe8 9. Qc2 Nbd7 10. Ng5 d5 11. Nxe6 Qxe6 12. exd5 Nxd5 13. d4 Nxe3 14. fxe3
exd4 15. cxd4 Qxe3+ 16. Rf2 Bxd4 17. Raf1 Qxe2 18. Kh1 Bxf2 0-1

[Event "Individual Nordic Chess Championship"]
[Site "?"]
[Date "2025.10.11"]
[Round "2"]
[White "Bolme, Magne O"]
[Black "Ferdinandsen, Christian"]
[Result "1/2-1/2"]
[WhiteElo "1413"]
[BlackElo "1530"]
[PlyCount "129"]
[EventDate "2025.??.??"]

1. f4 d5 2. d4 e6 3. Nf3 c5 4. e3 Nf6 5. c4 a6 6. Bd3 dxc4 7. Bxc4 b5 8. Be2
Bb7 9. O-O Nbd7 10. a3 Ne4 11. Nbd2 Ndf6 12. Nxe4 Nxe4 13. b4 cxd4 14. exd4 Be7
15. Qe1 Rc8 16. Bb2 Nd6 17. Qf2 Bf6 18. Ne5 O-O 19. Bf3 Bxf3 20. Nxf3 Qb6 21.
Rac1 Nc4 22. Ra1 Nxb2 23. Qxb2 Rfd8 24. Qf2 Bxd4 25. Nxd4 Qxd4 26. Qxd4 Rxd4
27. Rad1 Rcc4 28. Rxd4 Rxd4 29. g3 g6 30. Rc1 Rd3 31. Ra1 Kg7 32. a4 bxa4 33.
Rxa4 Rb3 34. Rxa6 Rxb4 35. Ra7 h5 36. h4 Kf6 37. Kg2 Rb8 38. Kh3 Rb3 39. Ra1 e5
40. fxe5+ Kxe5 41. Re1+ Kf6 42. Rf1+ Kg7 43. Rf4 Re3 44. Kg2 f5 45. Kf2 Re6 46.
Kg2 Kf6 47. Kh3 Re4 48. Rf3 Ke5 49. Kg2 f4 50. gxf4+ Rxf4 51. Re3+ Re4 52. Rf3
Rxh4 53. Re3+ Re4 54. Rg3 Kf6 55. Kh3 g5 56. Rf3+ Rf4 57. Rd3 Ke5 58. Rd8 Rf3+
59. Kg2 Kf4 60. Rf8+ Kg4 61. Rxf3 h4 62. Kf2 Kh5 63. Rf5 Kg4 64. Rf8 Kh3 65.
Rh8 1/2-1/2

[Event "Individual Nordic Chess Championship"]
[Site "Hurdal, Norway"]
[Date "2025.10.11"]
[Round "2"]
[White "Holmela, Kari"]
[Black "Bindzus, Ernst"]
[Result "1-0"]
[WhiteElo "1852"]
[BlackElo "1991"]
[PlyCount "59"]
[EventDate "2025.??.??"]

1. d4 f5 2. g4 d6 3. gxf5 Bxf5 4. Bg2 c6 5. e4 Bg6 6. Nc3 Nf6 7. Nge2 e5 8.
dxe5 dxe5 9. Qxd8+ Kxd8 10. Bg5 Nbd7 11. O-O-O Kc7 12. f3 Bc5 13. Na4 Be7 14.
h4 Bf7 15. b3 b5 16. Nb2 h6 17. Be3 Ba3 18. Kb1 a5 19. Bh3 Rhd8 20. Rhg1 Bf8
21. Bf5 a4 22. Nd3 c5 23. f4 Bh5 24. Rde1 Bxe2 25. Rxe2 exf4 26. Nxf4 Re8 27.
Ne6+ Kc6 28. Nxf8 Nxf8 29. Bf4 Ra7 30. Rd1 1-0

[Event "Individual Nordic Chess Championship"]
[Site "?"]
[Date "2025.10.11"]
[Round "2"]
[White "Tjernberg, Peter"]
[Black "Wu, Maya"]
[Result "1-0"]
[WhiteElo "1482"]
[BlackElo "1568"]
[PlyCount "56"]
[EventDate "2025.??.??"]

1. e4 c6 2. d4 d5 3. Nc3 dxe4 4. Nxe4 Nf6 5. Nxf6+ exf6 6. Nf3 Be6 7. Bd3 Bd6
8. O-O O-O 9. c4 Na6 10. Qc2 g6 11. d5 cxd5 12. cxd5 Bxd5 13. Nd4 Nb4 14. Qd2
Nxd3 15. Qxd3 Bc6 16. f4 Rc8 17. f5 Qb6 18. Kh1 Be5 19. fxg6 fxg6 20. Be3 Qxb2
21. Qc4+ Kh8 22. Nxc6 Rxc6 23. Qd3 Rc3 24. Qe4 a6 25. Bd4 Qb4 26. Rxf6 Bxf6 27.
Bxf6+ Rxf6 28. Qxb4 Rfc6 1-0

[Event "Individual Nordic Chess Championship"]
[Site "Hurdal, Norway"]
[Date "2025.10.11"]
[Round "2"]
[White "Tonteri, Ari"]
[Black "Strand, Magnus"]
[Result "1-0"]
[WhiteElo "1912"]
[BlackElo "1749"]
[PlyCount "83"]
[EventDate "2025.??.??"]

1. e4 c5 2. Nf3 d6 3. d4 cxd4 4. Nxd4 Nf6 5. Nc3 a6 6. Bg5 e6 7. f4 Be7 8. Qf3
Nbd7 9. O-O-O h6 10. Bh4 Nh7 11. Bf2 Qc7 12. Bd3 Bf6 13. Rhe1 e5 14. Nd5 Qa5
15. Nb3 Qd8 16. f5 Bg5+ 17. Kb1 Nhf6 18. Bf1 Nxd5 19. Rxd5 Nb6 20. Rd3 Be7 21.
Qh5 Nd7 22. Rg3 Nf6 23. Qd1 Bd7 24. Rxg7 Bc6 25. Bd3 Qd7 26. Na5 Bf8 27. Rg3
O-O-O 28. Bb6 Re8 29. c4 Be7 30. Bc2 Bd8 31. Bxd8 Rxd8 32. Ra3 Kb8 33. Rc3 Qc7
34. Nb3 Nd7 35. Nd2 f6 36. Nf1 h5 37. Ne3 Nb6 38. Nd5 Nxd5 39. cxd5 Qb6 40.
dxc6 Rh7 41. cxb7 Rxb7 42. Rb3 1-0

[Event "Individual Nordic Chess Championship"]
[Site "?"]
[Date "2025.10.11"]
[Round "2"]
[White "Vik, Olav"]
[Black "Engstrøm, Olle"]
[Result "1-0"]
[WhiteElo "1631"]
[BlackElo "1653"]
[PlyCount "56"]
[EventDate "2025.??.??"]

1. e4 e5 2. Nf3 Nc6 3. d4 exd4 4. Nxd4 Bc5 5. Be3 Qf6 6. c3 a6 7. Nc2 Bxe3 8.
Nxe3 Nge7 9. Be2 d6 10. O-O O-O 11. Nd2 Ng6 12. Nd5 Qd8 13. Re1 Re8 14. Bd3
Nce5 15. Bc2 c6 16. Ne3 Nf4 17. Nf3 Nxf3+ 18. Qxf3 Qf6 19. Kh1 Bd7 20. g3 Nd5
21. Qxf6 Nxf6 22. f3 d5 23. exd5 cxd5 24. Rad1 Bc6 25. Kg2 Rad8 26. Nf5 Kf8 27.
Nd4 Rxe1 28. Rxe1 Re8 1-0

[Event "Individual Nordic Chess Championship"]
[Site "?"]
[Date "2025.10.11"]
[Round "2"]
[White "Wikman, Bengt"]
[Black "Smedsrud, Petter"]
[Result "0-1"]
[WhiteElo "1736"]
[BlackElo "1901"]
[PlyCount "62"]
[EventDate "2025.??.??"]

1. e4 c6 2. d4 d5 3. exd5 cxd5 4. Bd3 Nc6 5. c3 Nf6 6. Nf3 Bg4 7. O-O e6 8. Bg5
Be7 9. Nbd2 O-O 10. Qc2 h6 11. Bh4 Qc7 12. Bg3 Bd6 13. Bxd6 Qxd6 14. Rae1 Rfc8
15. Qb1 Bxf3 16. Nxf3 Rab8 17. Ne5 b5 18. f4 b4 19. Nxc6 Rxc6 20. cxb4 Qxb4 21.
b3 Qxd4+ 22. Kh1 Rbc8 23. h3 Nh5 24. Rf3 Nxf4 25. Ref1 Nxd3 26. Rxd3 Qe5 27.
Rdf3 Qg5 28. Qd3 Rc1 29. Rxc1 Rxc1+ 30. Kh2 Qe5+ 31. g3 Qe1 0-1

[Event "Individual Nordic Chess Championship"]
[Site "?"]
[Date "2025.10.11"]
[Round "3"]
[White "Engstrøm, Olle"]
[Black "Bolme, Magne O."]
[Result "0-1"]
[WhiteElo "1653"]
[BlackElo "1413"]
[PlyCount "62"]
[EventDate "2025.??.??"]

1. e4 e5 2. Nf3 Nc6 3. Bc4 Bc5 4. b4 Bxb4 5. c3 Bc5 6. d4 exd4 7. O-O Nf6 8. e5
Ng4 9. Bxf7+ Kf8 10. cxd4 Kxf7 11. Ng5+ Ke8 12. Qxg4 Bxd4 13. Nxh7 Rxh7 14.
Qg6+ Kf8 15. Qxh7 Bxa1 16. Qh8+ Kf7 17. Qh5+ Kg8 18. f4 Qf8 19. Ba3 Qf7 20. Qe2
Ne7 21. Bxe7 Qxe7 22. Qc4+ Qe6 23. Qxc7 Bd4+ 24. Kh1 Qf5 25. Qc4+ Qf7 26. Qxd4
b6 27. Nc3 Bb7 28. Rf2 Rc8 29. h3 Rc4 30. Qd2 Qf5 31. Rf3 Bxf3 0-1

[Event "Individual Nordic Chess Championship"]
[Site "?"]
[Date "2025.10.11"]
[Round "3"]
[White "Ferdinandsen, Christian"]
[Black "Tjernberg, Peter"]
[Result "1/2-1/2"]
[WhiteElo "1530"]
[BlackElo "1482"]
[PlyCount "46"]
[EventDate "2025.??.??"]

1. c4 e5 2. g3 Nc6 3. Bg2 Nf6 4. Nc3 Bb4 5. Nd5 d6 6. Nf3 Be6 7. Nxb4 Nxb4 8.
d3 Rb8 9. a3 Nc6 10. O-O O-O 11. b4 Nd4 12. Bb2 Nxf3+ 13. Bxf3 Re8 14. a4 c5
15. b5 a6 16. Qd2 Qc7 17. Bc3 Ng4 18. Qg5 f5 19. e4 Nh6 20. exf5 Bxf5 21. Bd5+
Be6 22. Bxe6+ Rxe6 23. Rae1 Rbe8 1/2-1/2

[Event "Individual Nordic Chess Championship"]
[Site "?"]
[Date "2025.10.11"]
[Round "3"]
[White "Høyem, Erik August Arnet"]
[Black "Wikman, Bengt"]
[Result "1-0"]
[WhiteElo "1421"]
[BlackElo "1736"]
[PlyCount "41"]
[EventDate "2025.??.??"]

1. e4 e5 2. Nf3 Nf6 3. Nxe5 d6 4. Nf3 Nxe4 5. Qe2 Qe7 6. d3 Nf6 7. Qxe7+ Bxe7
8. g3 O-O 9. Bg2 c6 10. O-O Bg4 11. Bg5 Nbd7 12. Nbd2 h6 13. Bxf6 Bxf6 14. c3
Ne5 15. h3 Bf5 16. d4 Nd3 17. Rab1 Rfe8 18. Ne1 Re2 19. Nc4 Nxb2 20. Rxb2 Rxb2
21. Nxb2 1-0

[Event "Individual Nordic Chess Championship"]
[Site "?"]
[Date "2025.10.11"]
[Round "3"]
[White "Javvi, Kourosh"]
[Black "Wu, Maya"]
[Result "1/2-1/2"]
[WhiteElo "1610"]
[BlackElo "1568"]
[PlyCount "111"]
[EventDate "2025.??.??"]

1. d4 d5 2. Bf4 Nf6 3. h3 c5 4. c3 Nc6 5. e3 e6 6. Nf3 Qb6 7. Qc2 cxd4 8. exd4
Be7 9. Nbd2 h6 10. Bd3 Qd8 11. O-O Bd6 12. Bh2 Bxh2+ 13. Nxh2 Bd7 14. Rfe1 O-O
15. Re3 Ne7 16. Rae1 b5 17. a3 a5 18. Ndf3 b4 19. Ne5 bxc3 20. bxc3 Rb8 21.
Nxd7 Qxd7 22. Rg3 Qc7 23. Qd2 Ne4 24. Qxh6 Nf5 25. Rxg7+ Nxg7 26. Bxe4 dxe4 27.
Ng4 f5 28. Nf6+ Rxf6 29. Qxf6 Rf8 30. Qg5 Kf7 31. Rc1 Qd8 32. Qe3 Ne8 33. c4
Nf6 34. Qb3 Qxd4 35. c5 Qd7 36. Qc3 Qc7 37. Rb1 Nd5 38. Qc4 Rc8 39. Rb5 Rb8 40.
a4 Ra8 41. c6 Ra7 42. Qc5 Kg6 43. Rb7 Rxb7 44. cxb7 Qxb7 45. Qxa5 Qb6 46. Qxb6
Nxb6 47. a5 Na8 48. Kf1 Kg5 49. Ke2 Nc7 50. Ke3 Na6 51. f4+ exf3 52. Kxf3 Nc5
53. g3 Na6 54. g4 f4 55. Kf2 e5 56. Ke2 1/2-1/2

[Event "Individual Nordic Chess Championship"]
[Site "Hurdal, Norway"]
[Date "2025.10.11"]
[Round "3"]
[White "Perttula, Juha"]
[Black "Nielsen, Tommy"]
[Result "1-0"]
[WhiteElo "1929"]
[BlackElo "2109"]
[PlyCount "53"]
[EventDate "2025.??.??"]

1. e4 e5 2. Nf3 Nc6 3. Bb5 a6 4. Ba4 Nf6 5. d3 b5 6. Bb3 Be7 7. O-O d6 8. c3
O-O 9. Re1 Bg4 10. h3 Bh5 11. Nbd2 Na5 12. Bc2 c5 13. Nf1 Nc6 14. Ng3 Bg6 15.
Nh4 Qd7 16. Qf3 a5 17. a4 b4 18. Bb3 Rab8 19. Bc4 Kh8 20. Bb5 Qc8 21. Nhf5 Ng8
22. h4 f6 23. h5 Be8 24. Bc4 g6 25. hxg6 hxg6 26. Qg4 gxf5 27. Nxf5 1-0

[Event "Individual Nordic Chess Championship"]
[Site "?"]
[Date "2025.10.11"]
[Round "3"]
[White "Smedsrud, Petter"]
[Black "Holmela, Kari"]
[Result "1/2-1/2"]
[WhiteElo "1901"]
[BlackElo "1852"]
[PlyCount "66"]
[EventDate "2025.??.??"]

1. d4 d6 2. Nf3 Nf6 3. c3 g6 4. Bf4 Bg7 5. h3 O-O 6. e3 c5 7. Be2 cxd4 8. cxd4
Nc6 9. Nc3 Bf5 10. O-O Rc8 11. Rc1 Re8 12. d5 Nb8 13. Bd3 Nxd5 14. Bxf5 Nxc3
15. bxc3 gxf5 16. c4 Qa5 17. Qb3 b6 18. Rfd1 Rc5 19. Rd5 Nd7 20. Nh4 Nf6 21.
Rxc5 Qxc5 22. Qd3 e5 23. Bh2 f4 24. exf4 e4 25. Qe3 Qxe3 26. fxe3 d5 27. cxd5
Nxd5 28. Nf5 Bf8 29. Bg3 Bc5 30. Bf2 Nb4 31. Kf1 Nxa2 32. Ra1 Nc3 33. Rxa7 Bf8
1/2-1/2

[Event "Individual Nordic Chess Championship"]
[Site "?"]
[Date "2025.10.11"]
[Round "3"]
[White "Strand, Magnus"]
[Black "Bjørn, Finn"]
[Result "1-0"]
[WhiteElo "1749"]
[BlackElo "1545"]
[PlyCount "25"]
[EventDate "2025.??.??"]

1. e4 Nf6 2. Nc3 e5 3. Nf3 Bb4 4. Bd3 d6 5. Ne2 Nc6 6. Ng3 Bg4 7. h3 Bxf3 8.
Qxf3 Nd4 9. Qd1 c6 10. c3 Bc5 11. cxd4 Bxd4 12. Nf5 O-O 13. Nxd4 1-0

[Event "Individual Nordic Chess Championship"]
[Site "?"]
[Date "2025.10.11"]
[Round "3"]
[White "Vik, Olav"]
[Black "Johansson, Tage"]
[Result "0-1"]
[WhiteElo "1638"]
[BlackElo "1974"]
[PlyCount "32"]

1. e4 e6 2. d4 d5 3. exd5 exd5 4. Bd3 Bd6 5. Ne2 Nf6 6. Bf4 O-O 7. Bxd6 Qxd6 8.
O-O Nc6 9. c3 Ne7 10. Nd2 Re8 11. Ng3 c6 12. h3 a5 13. a4 Ng6 14. Bf5 Qf4 15.
Bxc8 Raxc8 16. Nh5 Nxh5 0-1

[Event "Individual Nordic Chess Championship"]
[Site "?"]
[Date "2025.10.12"]
[Round "4"]
[White "Arnøy, Noah"]
[Black "Ferdinandsen, Christian"]
[Result "1/2-1/2"]
[WhiteElo "1592"]
[BlackElo "1530"]
[PlyCount "44"]
[EventDate "2025.??.??"]

1. d4 Nf6 2. Bf4 d5 3. e3 Bf5 4. Bd3 Bg6 5. Nf3 e6 6. O-O c5 7. Bb5+ Nbd7 8.
Nbd2 a6 9. Be2 cxd4 10. Nxd4 Qb6 11. N4b3 Bd6 12. Bxd6 Qxd6 13. c4 O-O 14. Bf3
dxc4 15. Nxc4 Qc7 16. Rc1 Ne5 17. Nxe5 Qxe5 18. Qd4 Qxd4 19. Nxd4 Be4 20. Bxe4
Nxe4 21. Rc7 Nd6 22. Rd7 Rfd8 1/2-1/2

[Event "Individual Nordic Chess Championship"]
[Site "?"]
[Date "2025.10.12"]
[Round "4"]
[White "Bjørn, Finn"]
[Black "Vik, Olav"]
[Result "0-1"]
[WhiteElo "1545"]
[BlackElo "1631"]
[PlyCount "48"]
[EventDate "2025.??.??"]

1. e4 e6 2. f4 d5 3. e5 Ne7 4. d4 Ng6 5. Bd3 c5 6. c3 Qb6 7. Ne2 Bd7 8. a4 Nc6
9. dxc5 Bxc5 10. b4 Bf2+ 11. Kf1 Bh4 12. g3 Be7 13. a5 Qc7 14. Be3 f6 15. Bxg6+
hxg6 16. Qd3 Rh6 17. exf6 Bxf6 18. f5 Ne5 19. Bf4 gxf5 20. Bxe5 Bxe5 21. Nd2
O-O-O 22. b5 Qc5 23. Kg2 Bxb5 24. Qf3 Kb8 0-1

[Event "Individual Nordic Chess Championship"]
[Site "Hurdal, Norway"]
[Date "2025.10.12"]
[Round "4"]
[White "Bolme, Magne O."]
[Black "Wikman, Bengt"]
[Result "0-1"]
[WhiteElo "1413"]
[BlackElo "1736"]
[PlyCount "40"]
[EventDate "2025.??.??"]

1. Nf3 Nc6 2. g3 e5 3. e4 Nf6 4. Nc3 Bb4 5. d3 d5 6. Bd2 O-O 7. Bg2 dxe4 8.
dxe4 Bxc3 9. Bxc3 Qxd1+ 10. Rxd1 Nxe4 11. Bxe5 Nxe5 12. Nxe5 Nd6 13. O-O Re8
14. Rde1 Bf5 15. Bd5 Bxc2 16. Nc4 Nxc4 17. Bxf7+ Kxf7 18. Rc1 Bd3 19. Rfe1
Rxe1+ 20. Rxe1 Re8 0-1

[Event "Individual Nordic Chess Championship"]
[Site "?"]
[Date "2025.10.12"]
[Round "4"]
[White "Gränsmark, Patrik"]
[Black "Strand, Magnus"]
[Result "1/2-1/2"]
[WhiteElo "1772"]
[BlackElo "1749"]
[PlyCount "31"]
[EventDate "2025.??.??"]

1. Nf3 d6 2. d4 Nf6 3. c4 e6 4. Nc3 c6 5. e4 Be7 6. Qc2 Nbd7 7. Bf4 Qa5 8. h3
e5 9. dxe5 Nxe5 10. Nxe5 dxe5 11. Bh2 Be6 12. Be2 O-O 13. O-O Rfd8 14. Rad1
Rxd1 15. Rxd1 Qc7 16. Bg3 1/2-1/2

[Event "Individual Nordic Chess Championship"]
[Site "Hurdal, Norway"]
[Date "2025.10.12"]
[Round "4"]
[White "Holmela, Kari"]
[Black "Perttula, Juha"]
[Result "1/2-1/2"]
[WhiteElo "1852"]
[BlackElo "1929"]
[PlyCount "95"]
[EventDate "2025.??.??"]

1. e4 c6 2. d4 d5 3. e5 Bf5 4. Nf3 e6 5. Bd3 Bxd3 6. Qxd3 Nd7 7. O-O Ne7 8. Ng5
h6 9. Nh7 Qb6 10. Nxf8 Nxf8 11. Nc3 Nf5 12. Rd1 Nd7 13. b4 a5 14. b5 cxb5 15.
Nxb5 O-O 16. Ba3 Rfc8 17. g4 Nh4 18. Nd6 Rcb8 19. Rab1 Qc6 20. Rb3 Nb6 21. Rc3
Nc4 22. Qg3 g5 23. f4 b5 24. fxg5 hxg5 25. Qf2 Ra7 26. Qf6 b4 27. Qxg5+ Ng6 28.
Rf1 Rf8 29. Rh3 Nxd6 30. Qh6 Rc8 31. Qh7+ Kf8 32. Qxg6 Qxc2 33. Rh8+ Ke7 34.
exd6+ Kxd6 35. Qxc2 Rxc2 36. Bc1 Rxa2 37. Bf4+ Kc6 38. Rc1+ Kb5 39. Rb8+ Ka4
40. Bd6 Rd7 41. Bc5 f6 42. Rb1 Rg7 43. h3 f5 44. Bb6 fxg4 45. Bxa5 gxh3+ 46.
Kh1 Rgg2 47. R1xb4+ Kxa5 48. R8b5+ 1/2-1/2

[Event "Individual Nordic Chess Championship"]
[Site "?"]
[Date "2025.10.12"]
[Round "4"]
[White "Johansson, Tage"]
[Black "Høyem, Erik August Arnet"]
[Result "1-0"]
[WhiteElo "1974"]
[BlackElo "1419"]
[PlyCount "95"]
[EventDate "2025.??.??"]

1. e4 e6 2. d4 d5 3. e5 c5 4. c3 Nc6 5. Nf3 f6 6. Bd3 cxd4 7. cxd4 fxe5 8. dxe5
Qc7 9. Bf4 Nb4 10. O-O Ne7 11. Na3 a6 12. Rc1 Qb6 13. Bb1 g6 14. Be3 Qa5 15.
Bd2 Nec6 16. Nc2 Qb5 17. Ncd4 Nxd4 18. Nxd4 Qb6 19. Qg4 Nc6 20. Bxg6+ hxg6 21.
Qxg6+ Kd8 22. Nxc6+ bxc6 23. Qf6+ Ke8 24. Qxh8 Qxb2 25. Bh6 Qb4 26. Qxf8+ Qxf8
27. Bxf8 Kxf8 28. Rxc6 Bd7 29. Rc7 Bb5 30. Rb1 d4 31. Rd1 Rd8 32. Rd2 d3 33. f4
Ke8 34. Rc3 Rd4 35. g3 Kf7 36. Kf2 Ra4 37. a3 Re4 38. Rc1 Re2+ 39. Rxe2 dxe2
40. Re1 Kg6 41. g4 Kh7 42. h4 Kg7 43. Rxe2 Bxe2 44. Kxe2 Kf7 45. Kd3 Kg6 46.
Kc4 Kf7 47. Kc5 Ke7 48. Kb6 1-0

[Event "Individual Nordic Chess Championship"]
[Site "?"]
[Date "2025.10.12"]
[Round "4"]
[White "Smedsrud, Petter"]
[Black "Thomsson, Håkan"]
[Result "1/2-1/2"]
[WhiteElo "1901"]
[BlackElo "1824"]
[PlyCount "109"]
[EventDate "2025.??.??"]

1. e4 e6 2. d4 d5 3. Nd2 c5 4. exd5 exd5 5. Ngf3 Nc6 6. Bb5 Bd6 7. dxc5 Bxc5 8.
O-O Nge7 9. Nb3 Bd6 10. Re1 O-O 11. c3 Bg4 12. Bd3 Qd7 13. Be3 Rfe8 14. h3 Bf5
15. Nbd4 Bxd3 16. Qxd3 Rad8 17. Rad1 h6 18. a3 Ne5 19. Nxe5 Bxe5 20. Nf3 Bb8
21. Bc5 b6 22. Bxe7 Rxe7 23. Rxe7 Qxe7 24. Qe3 Bd6 25. Qxe7 Bxe7 26. Kf1 Kf8
27. Nd4 Bf6 28. Ke2 Re8+ 29. Kf3 a6 30. Nc6 Rc8 31. Nb4 d4 32. cxd4 a5 33. Nd5
Rc6 34. Nxf6 Rxf6+ 35. Ke3 Ke7 36. f3 Kd6 37. Kd3 Kd5 38. Re1 Rc6 39. Re7 Rf6
40. Re5+ Kc6 41. Ke4 g5 42. d5+ Kd6 43. Rf5 Rxf5 44. Kxf5 Kxd5 45. Kf6 a4 46.
Kxf7 Kc4 47. Kg6 Kb3 48. g3 Kxb2 49. f4 gxf4 50. gxf4 Kxa3 51. f5 Kb3 52. f6 a3
53. f7 a2 54. f8=Q a1=Q 55. Qxh6 $11 1/2-1/2

[Event "Individual Nordic Chess Championship"]
[Site "Hurdal, Norway"]
[Date "2025.10.12"]
[Round "4"]
[White "Tonteri, Ari"]
[Black "Nielsen, Tommy"]
[Result "1/2-1/2"]
[WhiteElo "1912"]
[BlackElo "2109"]
[PlyCount "98"]
[EventDate "2025.??.??"]

1. e4 c6 2. d4 d5 3. Nc3 dxe4 4. Nxe4 Bf5 5. Ng3 Bg6 6. Nf3 e6 7. h4 h6 8. h5
Bh7 9. Bd3 Bxd3 10. Qxd3 Nf6 11. Bf4 Bb4+ 12. c3 Bd6 13. Bxd6 Qxd6 14. O-O-O
Nbd7 15. Kb1 O-O-O 16. c4 Rhe8 17. Qc3 Qc7 18. Ne5 Nxe5 19. dxe5 Ng4 20. f4 f5
21. Qf3 Rxd1+ 22. Rxd1 Rd8 23. Rd3 Rxd3 24. Qxd3 Qa5 25. Qe2 Qc5 26. b3 Qe3 27.
Qf3 Qxf3 28. gxf3 Nh2 29. Ne2 Nxf3 30. Kc2 Nh4 31. Kd3 Kd7 32. Ke3 g6 33. Kf2
gxh5 34. Ng3 a5 35. Nxh5 b5 36. a4 bxa4 37. bxa4 c5 38. Ng3 Ng6 39. Kf3 Ne7 40.
Nf1 Nc6 41. Nd2 Nd4+ 42. Kf2 Ke7 43. Nf3 Kf7 44. Ne1 Nb3 45. Nd3 Ke7 46. Kg3
Kf7 47. Kh4 Kg6 48. Kg3 Kf7 49. Kh4 Kg6 1/2-1/2